Dígalo con números (Registro nro. 71436)
[ vista simple ]
| 000 -ENCABEZADO | |
|---|---|
| Número de control [NR] | 01179nam a2200301Ia 4500 |
| 005 - FECHA Y HORA DE LA ÚLTIMA TRANSACCIÓN | |
| control field | 20240527140925.0 |
| 008 - DE LONGITUD FIJA DE DATOS DE ELEMENTOS - INFORMACIÓN GENERAL | |
| Elementos de longitud fija [NR] | 130821s1962 mx a gr spa |
| 040 ## - FUENTE DE CATALOGACION [NR] | |
| Agencia de catalogación original [NR] | Co-BoUCM |
| Idioma de catalogación [NR] | spa |
| Quien Cataloga | David Moreno (modificó) |
| Quien Clasifica | David Moreno (modificó) |
| 041 00 - CODIGO DE IDIOMA [R] | |
| Código de idioma para texto/pista de sonido o título separado [R] | Español |
| 100 1# - ASIENTO PRINCIPAL--NOMBRE PERSONAL [NR] | |
| Nombre personal [NR] | Zeisel, Hans |
| ID Autoridad | 167964 |
| 245 10 - MENCION DE TITULO [NR] | |
| Título [NR] | Dígalo con números |
| Mención de responsabilidad, etc. [NR] | Hans Zeisel ; traduccion de Rubén C. Pimentel e introducción de Paul F. Lazarsfeld |
| 260 ## - PUBLICACION, DISTRIBUCION, ETC. (PIE DE IMPRENTA) [R] | |
| Lugar de publicación, distribución, etc. [R] | México D.F. (México) |
| Nombre del editor, distribuidor, etc. [R] | Fondo de Cultura Económica |
| Fecha de publicación, distribución, etc. [R] | 1962 |
| 300 ## - DESCRIPCION FISICA [R] | |
| Extensión [R] | 257 Páginas |
| Otros detalles físicos [NR] | ilustraciones, gráficas |
| 490 #0 - MENCION DE SERIE [R] | |
| Mención de serie [R] | Sección de obras de sociología |
| 500 ## - NOTA GENERAL [R] | |
| Nota general [NR] | Donación Dr. Álvaro Daza Roa. |
| 500 ## - NOTA GENERAL [R] | |
| Nota general [NR] | Incluye índice. |
| 650 04 - ASIENTO SECUNDARIO DE MATERIA - TERMINO TEMATICO [R] | |
| Término temático o nombre geográfico como elemento de entrada [NR] | Ciencias sociales |
| Subdivisión de forma [R] | Modelos matemáticos |
| 9 (RLIN) | 54184 |
| 650 04 - ASIENTO SECUNDARIO DE MATERIA - TERMINO TEMATICO [R] | |
| Término temático o nombre geográfico como elemento de entrada [NR] | Ciencias sociales |
| Subdivisión general [R] | Metodología |
| 9 (RLIN) | 32387 |
| 650 04 - ASIENTO SECUNDARIO DE MATERIA - TERMINO TEMATICO [R] | |
| Término temático o nombre geográfico como elemento de entrada [NR] | Estadística |
| Subdivisión de forma [R] | Aspectos sociales |
| 9 (RLIN) | 14984 |
| 650 04 - ASIENTO SECUNDARIO DE MATERIA - TERMINO TEMATICO [R] | |
| Término temático o nombre geográfico como elemento de entrada [NR] | Investigación social |
| 9 (RLIN) | 18009 |
| 650 04 - ASIENTO SECUNDARIO DE MATERIA - TERMINO TEMATICO [R] | |
| Término temático o nombre geográfico como elemento de entrada [NR] | Sociología |
| 9 (RLIN) | 386 |
| 700 1# - ASIENTO SECUNDARIO - NOMBRE PERSONAL [R] | |
| Nombre personal [NR] | Lazarsfeld, Paul F. |
| 9 (RLIN) | 155417 |
| 700 1# - ASIENTO SECUNDARIO - NOMBRE PERSONAL [R] | |
| Nombre personal [NR] | Pimentel, Rubén C. |
| 9 (RLIN) | 111049 |
| 710 2# - ASIENTO SECUNDARIO - NOMBRE CORPORATIVO [R] | |
| Nombre corporativo o de jurisdicción como elemento de entrada [NR] | Fondo de Cultura Económica |
| 9 (RLIN) | 53965 |
| 765 0# - ASIENTO DE IDIOMA ORIGINAL [R] | |
| Título [NR] | Say it with figures |
| 942 ## - ELEMENTOS DE ENTRADA AGREGADOS (KOHA) | |
| Tipo de ítem principal el descrito en 300a | Libro |
| Tema principal | Economía |
| Edición | 1 |
| Parte restante de la signatura top. | Z47d |
| Sistema de clasificación | DEWEY |
| Clasificación | 303 |
| Título oculto en OPAC | No |
| Fecha de último préstamo | Total préstamos | Signatura topográfica | Código de barras | Última vez visto | Ejemplar | Costo de reposición | Price effective from | Tipo de ítem | Nota pública (OPAC) | Perdido | Sistema de clasificación | Dañado | No prestable | Tipo de ítem específico | Suprimido | Ubicación habitual | Ubicación actual | Localización | Fecha de creación | Forma de adquisición |
|---|---|---|---|---|---|---|---|---|---|---|---|---|---|---|---|---|---|---|---|---|
| 19/10/2017 | 3 | 303 Z47d | 100113240 | 04/12/2025 | Ej.1 | 26000.00 | 03/02/2013 | Libro | Galería de donantes - Álvaro Daza Roa | DEWEY | Libro | Claustro | Claustro | 3er piso | 30/09/2011 | Donación |